书目信息 |
| 题名: |
生物实验室常用仪器的使用
|
|
| 作者: | 王鹏 主编 | |
| 分册: | ||
| 出版信息: | 北京 中国环境科学出版社 2006 |
|
| 页数: | 250页 | |
| 开本: | 23cm | |
| 丛书名: | ||
| 单 册: | ||
| 中图分类: | Q-337 | |
| 科图分类: | ||
| 主题词: | 生物学--实验室仪器--高等教育--教材 , 生物学 , 实验室仪器 | |
| 电子资源: | ||
| ISBN: | 7-80209-315-5 | |
| 000 | 00854nam0 2200253 450 | |
| 001 | 003268360 | |
| 005 | 20070803144538.57 | |
| 010 | @a7-80209-315-5@dCNY20.00 | |
| 100 | @a20061019d2006 em y0chiy0110 ea | |
| 101 | 0 | @achi |
| 102 | @aCN@b110000 | |
| 105 | @ay z 000yy | |
| 200 | 1 | @a生物实验室常用仪器的使用@9sheng wu shi yan shi chang yong yi qi de shi yong@f王鹏主编 |
| 210 | @a北京@c中国环境科学出版社@d2006 | |
| 215 | @a250页@d23cm | |
| 300 | @a高职高专系列教材 | |
| 330 | @a本书共分为五章,内容包括:基础仪器的使用、生物培养仪器设备的使用、电泳仪和PCR仪的使用、紫外可见分光光度计及酶标仪的使用、色谱仪的使用等。 | |
| 606 | 0 | @a生物学@x实验室仪器@x高等教育@j教材 |
| 606 | 0 | @a生物学 |
| 606 | 0 | @a实验室仪器 |
| 690 | @aQ-337@v4 | |
| 701 | 0 | @a王鹏@9wang peng@c(生物学)@4主编 |
| 801 | 0 | @aCN@bNLC@c20070803 |
| 905 | @a10447@dQ-337@e135 | |
| 生物实验室常用仪器的使用/王鹏主编.-北京:中国环境科学出版社,2006 |
| 250页;23cm |
| 高职高专系列教材 |
| ISBN 7-80209-315-5:CNY20.00 |
| 本书共分为五章,内容包括:基础仪器的使用、生物培养仪器设备的使用、电泳仪和PCR仪的使用、紫外可见分光光度计及酶标仪的使用、色谱仪的使用等。 |
| ● |
| 相关链接 |
|
|
|
|
正题名:生物实验室常用仪器的使用
索取号:Q-337/135
 
预约/预借
| 序号 | 登录号 | 条形码 | 馆藏地/架位号 | 状态 | 备注 |
| 1 | 0802022 | 208020229 | 第二样本阅览室/ [索取号:Q-337/135] | 在馆 | |
| 2 | 0802023 | 208020238 | 第三借阅区/ [索取号:Q-337/135] | 在馆 | |
| 3 | 0802024 | 208020247 | 第三借阅区/ [索取号:Q-337/135] | 在馆 | |
| 4 | 0802025 | 208020256 | 第三借阅区/ [索取号:Q-337/135] | 在馆 | |
| 5 | 0802026 | 208020265 | 第三借阅区/ [索取号:Q-337/135] | 在馆 | |
| 6 | 0802027 | 208020274 | 第三借阅区/ [索取号:Q-337/135] | 在馆 | |
| 7 | 0802028 | 208020283 | 第三借阅区/ [索取号:Q-337/135] | 在馆 | |
| 8 | 0802029 | 208020292 | 第三借阅区/ [索取号:Q-337/135] | 在馆 | |
| 9 | 0802030 | 208020309 | 第三借阅区/ [索取号:Q-337/135] | 在馆 | |
| 10 | 0802031 | 208020318 | 第三借阅区/ [索取号:Q-337/135] | 在馆 |